000
00305nam a2200133Ia 4500
008
220524s9999 xx 000 0 und d
041
_a
eng
082
_a
746.1
100
_a
Al-aadim Quserir
_9
6306
245
_a
Resist Dyed Textiles
260
_b
A.E.D.T.A Paris
650
_a
Dyeing
_9
6307
906
_a
405
999
_c
6786
_d
6786